| 000 | 00762nam a2200217Ia 4500 | ||
|---|---|---|---|
| 008 | 130821s1988 ck a gr spa | ||
| 020 | _a9580404526 | ||
| 040 |
_aCo-BoUCM _bspa |
||
| 041 | 0 | 0 | _aspa |
| 100 | 1 | _aInfante Villarreal, Arturo | |
| 245 | 1 | 0 |
_aEvaluación financiera de proyectos de inversión _cArturo Infante Villarreal. |
| 260 |
_aBogotá (Colombia) _bNorma _c1988 |
||
| 300 |
_a400 páginas _bilustraciones, cuadros, tablas |
||
| 500 | _aEjemplar 11 donación Dr. Guillermo Galán. | ||
| 504 | _aIncluye referencias bibliográficas e índice. | ||
| 650 | 0 | 4 |
_aEvaluación de proyectos _915321 |
| 650 | 0 | 4 |
_aFinanzas _97628 |
| 650 | 0 | 4 |
_aInversiones _917948 |
| 942 |
_cLIBRO _a7 _e1 _mI53 _2DEWEY _h332.6 |
||
| 999 |
_c35762 _d35762 |
||